| 000 | 00373nam a2200145Ia 4500 | ||
|---|---|---|---|
| 008 | 151213s9999 xx 000 0 und d | ||
| 100 | _aLaurence Biryon | ||
| 245 |
_aSelected Poem by A C. Swimburne _cLaurence Biryon |
||
| 260 |
_aLondon _bOxford University Press |
||
| 300 | _a4535 p. | ||
| 650 | _aEnglish | ||
| 650 | _aPoem | ||
| 700 | _aLaurence Biryon | ||
| 999 |
_c2910 _d2910 |
||